000 00530nam a22001817a 4500
003 OSt
005 20250506160658.0
008 250506b |||||||| |||| 00| 0 eng d
020 _a9789811963391
040 _crda
100 _aK. SHARMA, DINESH.,
_eAuthor
_9754420
245 _aData Analytics and Artificial Intelligence for Inventory and Supply Chain Management
260 _aSingapore
_bSpringer
_c2022
300 _axx,284P
650 _2MANAGEMENT
700 _aJain, Madhu Jain.,
_eEditor
_9754421
942 _2CC
_cGB
_n0
999 _c1311833
_d1311833